Music Quiz

Random Music Quiz

Guess The K-pop Idols Signatures Quiz Stats

 Plays Quiz not verified by Sporcle

Challenge
Share
Tweet
Score 0/15 Timer 05:00
0 Plays Today
% Correct
???
84%
???
81.1%
???
80%
???
80%
???
76.6%
???
73.1%
???
68.6%
???
68%
% Correct
???
65.1%
???
58.9%
???
53.7%
???
52%
???
49.1%
???
46.3%
???
34.9%

You're not logged in!

Compare scores with friends on all Sporcle quizzes.
Join for Free
OR
Log In

You Might Also Like...

Show Comments

Extras

Created Aug 2, 2016ReportNominate
Tags:idol, k-pop, signature

Top Quizzes Today


Score Distribution

Your Account Isn't Verified!

In order to create a playlist on Sporcle, you need to verify the email address you used during registration. Go to your Sporcle Settings to finish the process.

Report this User

Report this user for behavior that violates our Community Guidelines.

Details: